Every Major City in The Former Yugoslavian States + Albania - Statistics

General Stats
  • This quiz has been taken 13 times
  • The average score is 6 of 7
Answer Stats
Answer % Correct
Belgrade
100%
Ljubljana
100%
Sarajevo
100%
Zagreb
100%
Skopje
92%
Tirana
85%
Novi Sad
69%
No matching quizzes found
Score Distribution
Percent of People with Each Score
Percentile by Number Answered
Your Score History
You have not taken this quiz